Gobernantes de Costa Rica
Guardado en:
| 主要作者: | |
|---|---|
| 格式: | 未知 |
| 出版: |
San José, Costa Rica
Academia de Geografía e Historia de Costa Rica
1978
|
| 主題: | |
| 標簽: |
添加標簽
沒有標簽, 成為第一個標記此記錄!
|
MARC
| LEADER | 000000000a22000000004500 | ||
|---|---|---|---|
| 001 | 002034 | ||
| 041 | 0 | |a español | |
| 092 | 0 | |a 923.172.86 G574g | |
| 100 | 1 | |a Ureña Morales, Gabriel | |
| 245 | 1 | 0 | |a Gobernantes de Costa Rica |
| 260 | |a San José, Costa Rica |b Academia de Geografía e Historia de Costa Rica |c 1978 | ||
| 300 | |a 94 páginas, [10] hojas de láminas | ||
| 500 | |a número de inscripción 01307 | ||
| 651 | 4 | |a COSTA RICA | |
| 650 | 4 | |a HISTORIA | |
| 650 | 4 | |a PRESIDENTES | |
| 650 | 4 | |a POLITICA Y GOBIERNO | |
| 999 | |c 2912 |d 2912 | ||
